| Tag |
First Indicator |
Second Indicator |
Subfields |
| LEADER |
00000cam a22000004a 4500 |
| 001 |
in00002153298 |
| 005 |
20151103161757.0 |
| 008 |
041109s2005 nyuab j 001 0 eng |
| 010 |
|
|
|a 2004061150
|
| 020 |
|
|
|a 0802789684 (harcover)
|
| 020 |
|
|
|a 0802789692 (reinforced)
|
| 024 |
3 |
|
|a 9780802789686
|
| 024 |
3 |
|
|a 9780802789693
|
| 035 |
|
|
|a (OCoLC)ocm57001851
|
| 040 |
|
|
|a DLC
|c DLC
|d BAKER
|d IK2
|d XY4
|d VP@
|d TXA
|d UtOrBLW
|
| 042 |
|
|
|a pcc
|
| 049 |
|
|
|a TXAM
|
| 050 |
0 |
0 |
|a QL737.C23
|b P365 2005
|
| 100 |
1 |
|
|a Patent, Dorothy Hinshaw.
|
| 245 |
1 |
0 |
|a Big cats /
|c Dorothy Hinshaw Patent ; illustrations by Kendahl Jan Jubb.
|
| 264 |
|
1 |
|a New York :
|b Walker & Co. :
|c 2005.
|
| 264 |
|
2 |
|a New York :
|b Distributed to the trade by Holtzbrinck Publishers,
|
| 300 |
|
|
|a 1 volume (unpaged) :
|b color illustrations, color maps ;
|c 24 x 27 cm.
|
| 336 |
|
|
|a text
|b txt
|2 rdacontent
|
| 337 |
|
|
|a unmediated
|b n
|2 rdamedia
|
| 338 |
|
|
|a volume
|b nc
|2 rdacarrier
|
| 500 |
|
|
|a Includes index.
|
| 586 |
|
|
|a Outstanding Science Trade Books for Students K-12, 2006.
|
| 650 |
|
0 |
|a Felidae
|v Juvenile literature.
|
| 650 |
|
1 |
|a Cats.
|
| 650 |
|
1 |
|a Tigers.
|
| 700 |
1 |
|
|a Jubb, Kendahl Jan,
|e illustrator.
|
| 994 |
|
|
|a C0
|b TXA
|
| 948 |
|
|
|a cataloged
|b h
|c 2006/6/1
|d c
|e aklinger
|f 11:29:02 am
|
| 999 |
|
|
|a MARS
|
| 999 |
f |
f |
|s 8dda0dd5-1c5a-37e2-8073-153382aa6904
|i d1f86427-b8bd-3a13-8dc9-317dc192b298
|t 0
|
| 952 |
f |
f |
|p normal
|a Texas A&M University
|b College Station
|c Sterling C. Evans Library
|d Evans: Curriculum Collection (4th floor)
|t 0
|e QL737.C23 P365 2005
|h Library of Congress classification
|i unmediated -- volume
|m A14834479157
|
| 998 |
f |
f |
|a QL737.C23 P365 2005
|t 0
|l Evans: Curriculum Collection (4th floor)
|